000 00280nam a2200109 a 4500
005 20140414131955.0
008 110207s19uu xx 00 eng d
050 _aTR 372.7
_bG95 2004
100 _aGupta, Raj Kumari
245 _aMathematics for special children.
999 _c112894
_d112894